Ảnh hưởng của phân hữu cơ và kali đến năng suất và chất lượng củ của khoai lang (Ipomoea batatas (L.) Lam.) Tím Nhật HL491 và Tím Lord : Luận văn tốt nghiệp Cao học. Chuyên ngành Khoa học cây trồng

Nghiên cứu nhằm mục tiêu xác định ảnh hưởng của việc sử dụng phân hữu cơ và đề xuất liều lượng bón phân kali phù hợp giúp gia tang năng suất và chất lượng củ của hai dòng/giống khoai lang tím (Ipomoea batatas (L.) Lam.)....

Descrición completa

Gardado en:
Detalles Bibliográficos
Autor Principal: Lê, Anh Duy
Formato: Libro
Idioma:Undetermined
Publicado: Cần Thơ Trường Đại Học Cần Thơ 2019
Những chủ đề:
Các nhãn: Engadir etiqueta
Sen Etiquetas, Sexa o primeiro en etiquetar este rexistro!
Thư viện lưu trữ: Trung tâm Học liệu Trường Đại học Cần Thơ
LEADER 01219nam a2200217Ia 4500
001 CTU_231350
008 210402s9999 xx 000 0 und d
082 |a 635.22 
082 |b D523 
088 |a 8620110 
100 |a Lê, Anh Duy 
245 0 |a Ảnh hưởng của phân hữu cơ và kali đến năng suất và chất lượng củ của khoai lang (Ipomoea batatas (L.) Lam.) Tím Nhật HL491 và Tím Lord : 
245 0 |b Luận văn tốt nghiệp Cao học. Chuyên ngành Khoa học cây trồng 
245 0 |c Lê Anh Duy ; Lê Văn Hòa (Cán bộ hướng dẫn) 
260 |a Cần Thơ 
260 |b Trường Đại Học Cần Thơ 
260 |c 2019 
520 |a Nghiên cứu nhằm mục tiêu xác định ảnh hưởng của việc sử dụng phân hữu cơ và đề xuất liều lượng bón phân kali phù hợp giúp gia tang năng suất và chất lượng củ của hai dòng/giống khoai lang tím (Ipomoea batatas (L.) Lam.). 
650 |a Khoai lang,Sweet potatoes 
650 |x Trồng trọt,Breeding 
980 |a Trung tâm Học liệu Trường Đại học Cần Thơ